[Event "Manhem IM Swiss (Manhem 90 years)"]
[Site "?"]
[Date "1996.08.13"]
[Round "2"]
[White "Rychagov, Mikhail"]
[Black "Zolnierowicz, Krzystof"]
[Result "1-0"]
[WhiteElo "2495"]
[BlackElo "2360"]
[PlyCount "57"]
[EventDate "1996.08.12"]
[EventType "swiss"]
[EventRounds "9"]

1. e4 d5 2. exd5 Nf6 3. d4 Nxd5 4. Nf3 g6 5. Be2 Bg7 6. O-O O-O 7. c4 Nb6 8.
Nc3 Be6 9. d5 Bg4 10. c5 Bxc3 11. bxc3 Nxd5 12. Qb3 c6 13. c4 Nc7 14. Qxb7 f6
15. h3 Qc8 16. Qb2 Bxf3 17. Bxf3 Ne6 18. Re1 Na6 19. Be3 Rf7 20. Qa3 f5 21.
Rad1 f4 22. Bc1 Naxc5 23. Re5 Rf5 24. Rxf5 gxf5 25. Bb2 h6 26. Qc3 Kh7 27. Qe5
Kg6 28. Rd6 Qg8 29. Rxc6 1-0

[Event "Manhem IM Swiss (Manhem 90 years)"]
[Site "?"]
[Date "1996.08.13"]
[Round "2"]
[White "Berg, Bo"]
[Black "Furhoff, Johan"]
[Result "0-1"]
[WhiteElo "2090"]
[BlackElo "2330"]
[PlyCount "58"]
[EventDate "1996.08.12"]
[EventType "swiss"]
[EventRounds "9"]

1. c4 e5 2. Nc3 Nc6 3. g3 g6 4. Bg2 Bg7 5. a3 d6 6. b4 a6 7. Bb2 f5 8. e3 Nf6
9. Nh3 O-O 10. Qb3 h6 11. d3 Be6 12. Nd5 Qd7 13. f4 Rae8 14. O-O b5 15. Rac1
Nd8 16. d4 Bxd5 17. cxd5 e4 18. Nf2 Qf7 19. a4 Nxd5 20. axb5 axb5 21. Ra1 Nb6
22. Ra3 Nc6 23. Rc1 Qxb3 24. Rxb3 Nc4 25. Ba1 Ra8 26. Nd3 Ra2 27. Nb2 d5 28.
Nxc4 dxc4 29. Rbc3 Rfa8 0-1

[Event "Manhem IM Swiss (Manhem 90 years)"]
[Site "?"]
[Date "1996.08.13"]
[Round "2"]
[White "Arnelind, Mikael"]
[Black "Svensson, Bengt"]
[Result "0-1"]
[WhiteElo "2140"]
[BlackElo "2405"]
[PlyCount "54"]
[EventDate "1996.08.12"]
[EventType "swiss"]
[EventRounds "9"]

1. d4 d5 2. c4 dxc4 3. Nf3 Nf6 4. e3 e6 5. Bxc4 a6 6. a4 c5 7. O-O Nc6 8. Qe2
cxd4 9. Rd1 Be7 10. exd4 O-O 11. Nc3 Nd5 12. Bd3 Ncb4 13. Bb1 b6 14. Ne5 Bb7
15. Ne4 f5 16. Ng3 Rc8 17. Nf1 Bg5 18. Bxg5 Qxg5 19. Qd2 Nf4 20. Ng3 Rc1 21. h4
Rxd1+ 22. Qxd1 Qxh4 23. Qb3 Bxg2 24. Qxb4 Qh3 25. Qe1 Bd5 26. Qf1 Ne2+ 27. Nxe2
Qh1# 0-1

[Event "Manhem IM Swiss (Manhem 90 years)"]
[Site "?"]
[Date "1996.08.13"]
[Round "2"]
[White "Gdanski, Jacek"]
[Black "Ingbrandt, Johan"]
[Result "1/2-1/2"]
[WhiteElo "2485"]
[BlackElo "2355"]
[PlyCount "45"]
[EventDate "1996.08.12"]
[EventType "swiss"]
[EventRounds "9"]

1. e4 e5 2. Nf3 Nc6 3. Bb5 a6 4. Ba4 Nf6 5. O-O Be7 6. Re1 b5 7. Bb3 O-O 8. a4
Bb7 9. d3 Re8 10. Nc3 b4 11. Nd5 Na5 12. Nxe7+ Qxe7 13. Ba2 d5 14. exd5 Qd6 15.
Ng5 Bxd5 16. Bxd5 Qxd5 17. b3 Nc6 18. Bb2 Nd4 19. Ne4 Re6 20. Nxf6+ Rxf6 21.
Bxd4 Qxd4 22. Qd2 Rc6 23. Rad1 1/2-1/2

[Event "Manhem IM Swiss (Manhem 90 years)"]
[Site "?"]
[Date "1996.08.13"]
[Round "3"]
[White "Tonning, Erik"]
[Black "Arnelind, Mikael"]
[Result "0-1"]
[WhiteElo "2205"]
[BlackElo "2140"]
[PlyCount "153"]
[EventDate "1996.08.12"]
[EventType "swiss"]
[EventRounds "9"]

1. e4 e6 2. d4 d5 3. e5 c5 4. c3 Nc6 5. Nf3 Bd7 6. Bd3 cxd4 7. cxd4 Qb6 8. O-O
Nxd4 9. Nxd4 Qxd4 10. Nc3 Qxe5 11. Re1 Qb8 12. Nxd5 Bd6 13. Qg4 Kf8 14. Bd2 h5
15. Qh3 Bc6 16. Ne3 Nf6 17. Nc4 Bd5 18. Qh4 Bc7 19. Bc3 Ng4 20. h3 Bd8 21. Qg3
Qxg3 22. fxg3 Nf6 23. Bd4 Nd7 24. Rac1 Bc7 25. Bf2 Bxc4 26. Rxc4 Bd6 27. Be4
Ke7 28. Rd1 Nb6 29. Rc2 Rad8 30. Kh1 Rd7 31. Bf3 g6 32. b3 Rc8 33. Rcd2 Rcc7
34. g4 hxg4 35. Bh4+ f6 36. Bxg4 Be5 37. Rxd7+ Rxd7 38. Re1 Kf7 39. Bf3 Nc8 40.
g4 Bb8 41. Be2 Bf4 42. Bc4 Rd6 43. Bf2 Nb6 44. Bxb6 Rxb6 45. Kg2 Rd6 46. Kf3
Bg5 {Game adjourned.} 47. a4 a6 48. Kg3 Bd2 49. Rh1 f5 50. h4 Rd4 51. gxf5 gxf5
52. h5 Bh6 53. Re1 Rd6 54. Kf3 Kf6 55. Rg1 Bg5 56. Rh1 Rd7 57. Ke2 Kg7 58. Re1
e5 59. Be6 Rd2+ 60. Kf1 Kf6 61. Bc8 Rh2 62. Re2 Rxh5 63. Bxb7 a5 64. b4 axb4
65. a5 Rh3 66. Rb2 Ra3 67. Rxb4 Rxa5 68. Rb6+ Kf7 69. Bc8 e4 70. Bd7 Bf6 71.
Rb7 Kg6 72. Rb5 Rxb5 73. Bxb5 Kg5 74. Bd7 Kf4 75. Bc8 Bd4 76. Bd7 Ke5 77. Bb5
0-1

[Event "Manhem IM Swiss (Manhem 90 years)"]
[Site "?"]
[Date "1996.08.13"]
[Round "3"]
[White "Hellsten, Johan"]
[Black "Wallace, John Paul"]
[Result "1/2-1/2"]
[WhiteElo "2490"]
[BlackElo "2365"]
[PlyCount "127"]
[EventDate "1996.08.12"]
[EventType "swiss"]
[EventRounds "9"]

1. d4 Nf6 2. c4 g6 3. Nc3 Bg7 4. e4 d6 5. Nf3 O-O 6. Be2 Nbd7 7. O-O e5 8. Re1
c6 9. Bf1 exd4 10. Nxd4 Re8 11. Bf4 Nc5 12. Qc2 Ng4 13. Rad1 Qf6 14. Bg3 h5 15.
h4 a5 16. Nb3 Ne5 17. Nxc5 dxc5 18. Na4 Qe7 19. Nb6 Rb8 20. Nxc8 Rbxc8 21. f4
Ng4 22. e5 Rcd8 23. Qe4 Nh6 24. Bf2 Nf5 25. g3 Rxd1 26. Rxd1 f6 27. e6 Qxe6 28.
Qxe6+ Rxe6 29. Rd7 Nd6 30. Bxc5 Ne4 31. Bd4 Nxg3 32. Bd3 Bh6 33. Bxg6 Ne2+ 34.
Kf2 Nxd4 35. Rxd4 Bf8 36. Rd8 f5 37. Bxh5 Rh6 38. Bf3 Rxh4 39. Rb8 Rxf4 40. b3
b5 41. Ke3 Rh4 42. cxb5 cxb5 43. Rxb5 f4+ 44. Ke4 Bb4 45. Kf5 Kf8 46. a4 Bd2
47. Rd5 Rh3 48. Bg4 Rh2 49. Ke5 Ke7 50. Rd7+ Ke8 51. Rc7 Rh4 52. Bf3 Rh3 53.
Ke4 Rh4 54. Rc2 Bb4 55. Kf5 Bd6 56. Bg4 Ke7 57. Rd2 Rh8 58. Rd5 Rf8+ 59. Ke4
Rg8 60. Kf3 Rb8 61. Rb5 Rxb5 62. axb5 Bc5 63. Ke4 Kd6 64. Kxf4 1/2-1/2

[Event "Manhem IM Swiss (Manhem 90 years)"]
[Site "?"]
[Date "1996.08.13"]
[Round "3"]
[White "Ivanov, Michail"]
[Black "Laveryd, Peter"]
[Result "0-1"]
[WhiteElo "2465"]
[BlackElo "2310"]
[PlyCount "128"]
[EventDate "1996.08.12"]
[EventType "swiss"]
[EventRounds "9"]

1. g3 Nf6 2. Bg2 g6 3. c4 Bg7 4. Nc3 O-O 5. e4 d6 6. Nge2 c5 7. O-O Nc6 8. d3
Ne8 9. Be3 Nc7 10. d4 cxd4 11. Nxd4 Ne6 12. Nde2 Ne5 13. b3 b6 14. h3 Bb7 15.
Qd2 Re8 16. Rad1 Nc5 17. Nd5 a6 18. f4 Ned7 19. Bd4 e5 20. Ba1 b5 21. b4 Ne6
22. f5 Nd4 23. Nxd4 Bxd5 24. fxg6 hxg6 25. Nf5 Bxc4 26. Nxg7 Kxg7 27. Rf2 Re6
28. Bf3 Nf6 29. g4 Nh7 30. Qe3 Qg5 31. Qxg5 Nxg5 32. Bg2 f6 33. Kh2 Rc8 34. h4
Nf7 35. g5 Rh8 36. gxf6+ Rxf6 37. Rxf6 Kxf6 38. Kg3 Bxa2 39. Rd3 Rc8 40. Ra3
Bb1 41. Rc3 Rc4 42. Rxc4 bxc4 43. Kf3 g5 44. hxg5+ Nxg5+ 45. Ke3 Ke7 46. Bc3
Kd7 47. Be1 Kc6 48. Bh4 Ne6 49. Kd2 Nd4 50. Be7 Bd3 51. Kc3 Ne2+ 52. Kd2 Ng3
53. Ke3 Nf1+ 54. Bxf1 Bxf1 55. Kd2 Bd3 56. Kc3 Bxe4 57. Kxc4 d5+ 58. Kc3 d4+
59. Kc4 Bg2 60. Bf6 Bf1+ 61. Kb3 Kd5 62. Kc2 e4 63. Kb3 e3 64. Bg5 Ke4 0-1

[Event "Manhem IM Swiss (Manhem 90 years)"]
[Site "?"]
[Date "1996.08.13"]
[Round "3"]
[White "Berg, Emanuel"]
[Black "Pisulinski, Jan"]
[Result "1-0"]
[WhiteElo "2215"]
[BlackElo "2400"]
[PlyCount "103"]
[EventDate "1996.08.12"]
[EventType "swiss"]
[EventRounds "9"]

1. e4 c5 2. Nf3 d6 3. d4 cxd4 4. Nxd4 Nf6 5. Nc3 a6 6. Be2 e5 7. Nb3 Be7 8. O-O
O-O 9. Kh1 b5 10. a4 b4 11. Nd5 Nxd5 12. Qxd5 Ra7 13. f4 Be6 14. Qd1 Rc7 15.
Be3 Qc8 16. f5 Bc4 17. Rc1 Nd7 18. Bxc4 Rxc4 19. Qd3 Rd8 20. Nd2 Rc7 21. Nf3 d5
22. Qxd5 Nc5 23. Qa2 b3 24. cxb3 Nxe4 25. Rce1 Bb4 26. Re2 Rc2 27. Rxc2 Qxc2
28. Qb1 Qxb1 29. Rxb1 Rd3 30. Bg1 f6 31. Rc1 Rxb3 32. Rc8+ Kf7 33. Rc7+ Kf8 34.
Rc8+ Ke7 35. Rc7+ Kd6 36. Rxg7 Rxb2 37. Rxh7 Nf2+ 38. Bxf2 Rxf2 39. h4 Rf1+ 40.
Kh2 e4 41. Nd4 Bc3 42. Ne2 Be5+ 43. Kh3 Ra1 44. h5 Ra2 45. Ng1 Ra3+ 46. Kh4 Rg3
47. h6 Rxg2 48. Rg7 Rh2+ 49. Nh3 e3 50. h7 e2 51. Rg1 Bd4 52. Rb1 1-0

[Event "Manhem IM Swiss (Manhem 90 years)"]
[Site "?"]
[Date "1996.08.13"]
[Round "3"]
[White "Gullaksen, Eirik"]
[Black "Gdanski, Jacek"]
[Result "1/2-1/2"]
[WhiteElo "2325"]
[BlackElo "2485"]
[PlyCount "99"]
[EventDate "1996.08.12"]
[EventType "swiss"]
[EventRounds "9"]

1. e4 e6 2. d4 d5 3. Nc3 Bb4 4. e5 Ne7 5. Bd2 b6 6. Nce2 Bxd2+ 7. Qxd2 Ba6 8.
Ng3 Bxf1 9. Nxf1 c5 10. c3 Nbc6 11. f4 Nf5 12. Nf3 Rc8 13. Ng3 g6 14. Nxf5 gxf5
15. O-O Qe7 16. Rac1 c4 17. Kh1 b5 18. Ng1 Rb8 19. Ne2 Kd7 20. g4 Qh4 21. gxf5
exf5 22. Qe3 h5 23. Rf3 Qe7 24. Rg3 h4 25. Rg7 Rbg8 26. Rcg1 Qf8 27. Rxg8 Rxg8
28. Qh3 Rxg1+ 29. Nxg1 Ne7 30. Qxh4 b4 31. Qf2 Ng6 32. Qc2 Nxf4 33. Qxf5+ Ne6
34. cxb4 Ke8 35. a3 Qh6 36. Qf3 Nc7 37. Qf2 Qc1 38. h4 Ne6 39. Kh2 Nf4 40. Nh3
Nd3 41. Qg2 Nxb2 42. Qxd5 c3 43. Qc6+ Kf8 44. Qd6+ Ke8 45. Ng5 Qf4+ 46. Kh3
Qe3+ 47. Kg4 Qe2+ 48. Kf5 Qf2+ 49. Kg4 Qe2+ 50. Kf5 1/2-1/2

[Event "Manhem IM Swiss (Manhem 90 years)"]
[Site "?"]
[Date "1996.08.13"]
[Round "3"]
[White "Haveland, Bjorn"]
[Black "Wikstrom, Per"]
[Result "0-1"]
[WhiteElo "1855"]
[BlackElo "2145"]
[PlyCount "100"]
[EventDate "1996.08.12"]
[EventType "swiss"]
[EventRounds "9"]

1. e4 e6 2. d4 d5 3. Nd2 c5 4. exd5 Qxd5 5. Nb3 cxd4 6. Qxd4 Nf6 7. Qxd5 Nxd5
8. c3 Be7 9. Nf3 O-O 10. Bd3 Nd7 11. O-O a6 12. Bg5 f6 13. Bd2 Nc5 14. Nxc5
Bxc5 15. Rad1 Bd7 16. c4 Ne7 17. Bc3 Rfd8 18. Bd4 Bxd4 19. Nxd4 e5 20. Rfe1 Ng6
21. Nf5 Bc6 22. Bc2 Kf8 23. Rxd8+ Rxd8 24. Rd1 Rxd1+ 25. Bxd1 Nf4 26. f3 g6 27.
Ne3 Nd3 28. b3 Ke7 29. Bc2 Nc1 30. Bb1 Ne2+ 31. Kf2 Nc3 32. Bc2 Nxa2 33. g4 Kd6
34. h4 Nb4 35. Bb1 Kc5 36. h5 Be8 37. Be4 b6 38. h6 Kd4 39. g5 f5 40. Bd5 Nd3+
41. Ke2 Nf4+ 42. Kd2 Nh3 43. b4 e4 44. fxe4 fxe4 45. Ng4 Nxg5 46. Nf6 e3+ 47.
Ke2 Ba4 48. Ng4 Bc2 49. Nxe3 Bd3+ 50. Kd2 Ne4+ 0-1

[Event "Manhem IM Swiss (Manhem 90 years)"]
[Site "?"]
[Date "1996.08.13"]
[Round "3"]
[White "Moberg, Karl Johan"]
[Black "Elsness, Frode"]
[Result "1/2-1/2"]
[WhiteElo "2390"]
[BlackElo "2350"]
[PlyCount "76"]
[EventDate "1996.08.12"]
[EventType "swiss"]
[EventRounds "9"]

1. e4 Nf6 2. e5 Nd5 3. d4 d6 4. Nf3 dxe5 5. Nxe5 g6 6. Bc4 c6 7. Nd2 Bg7 8.
Ndf3 Nd7 9. Nd3 b5 10. Bxd5 cxd5 11. a4 bxa4 12. Rxa4 O-O 13. O-O Nb6 14. Ra2
Bg4 15. c3 Nc4 16. h3 Bf5 17. Nc5 Qc8 18. Be3 e5 19. b3 Nxe3 20. fxe3 Re8 21.
b4 exd4 22. exd4 Re3 23. Qb3 Qd8 24. Kh1 Kh8 25. Ra5 h6 26. Rfa1 Qd6 27. Ra6
Qg3 28. Qxd5 Rae8 29. Ng1 Bf8 30. Qxf7 R3e7 31. Qc4 Re1 32. Rxe1 Rxe1 33. Qf7
Rxg1+ 34. Kxg1 Qe3+ 35. Kh1 Qc1+ 36. Kh2 Qf4+ 37. Kg1 Qe3+ 38. Kh1 Qc1+ 1/2-1/2

[Event "Manhem IM Swiss (Manhem 90 years)"]
[Site "?"]
[Date "1996.08.13"]
[Round "3"]
[White "Zolnierowicz, Krzystof"]
[Black "Trolle, Gustav"]
[Result "0-1"]
[WhiteElo "2360"]
[BlackElo "2170"]
[PlyCount "72"]
[EventDate "1996.08.12"]
[EventType "swiss"]
[EventRounds "9"]

1. e4 c5 2. Nf3 d6 3. c3 Nf6 4. Bd3 Nc6 5. Bc2 e6 6. O-O Be7 7. d4 cxd4 8. cxd4
Nb4 9. Ba4+ Bd7 10. Nc3 O-O 11. Bxd7 Qxd7 12. Re1 Rfd8 13. a3 Na6 14. Qe2 Rac8
15. Bg5 Nc7 16. Rad1 h6 17. Bh4 a6 18. h3 b5 19. e5 Nfd5 20. Ne4 Bxh4 21. Nxh4
dxe5 22. dxe5 Qe7 23. Qg4 Ne8 24. Rd2 Rc4 25. Red1 h5 26. Nf5 exf5 27. Qxf5 Qe6
28. Qg5 Rdc8 29. Ng3 Ne7 30. Rd6 Nxd6 31. Rxd6 Rc1+ 32. Kh2 Qc4 33. b3 Qc7 34.
Ne4 Ng6 35. f4 Re8 36. f5 Rxe5 {Black lost on time.} 0-1

[Event "Manhem IM Swiss (Manhem 90 years)"]
[Site "?"]
[Date "1996.08.13"]
[Round "3"]
[White "Ingbrandt, Johan"]
[Black "Brynell, Stellan"]
[Result "0-1"]
[WhiteElo "2355"]
[BlackElo "2445"]
[PlyCount "71"]
[EventDate "1996.08.12"]
[EventType "swiss"]
[EventRounds "9"]

1. d4 Nf6 2. c4 e6 3. Nc3 Bb4 4. e3 b6 5. Nge2 c5 6. a3 Ba5 7. g3 Bb7 8. d5 b5
9. Bg2 bxc4 10. O-O O-O 11. e4 d6 12. Bg5 h6 13. Bxf6 Qxf6 14. Qa4 Bxc3 15.
Nxc3 exd5 16. exd5 Bc8 17. Rfe1 Bf5 18. Qxc4 Nd7 19. Re3 Rab8 20. Qe2 c4 21.
Qxc4 Rxb2 22. Rd1 Ne5 23. Qf4 g5 24. Qd4 Rc8 25. f4 Ng4 26. Qxf6 Nxf6 27. fxg5
Ng4 28. Rf3 Bc2 29. Re1 Ne5 30. Rfe3 hxg5 31. Ne2 Bg6 32. Nd4 Rc4 33. Nc6 Rcc2
34. Bh1 Ng4 35. Bf3 Nxe3 36. Rxe3 0-1

[Event "Manhem IM Swiss (Manhem 90 years)"]
[Site "?"]
[Date "1996.08.13"]
[Round "3"]
[White "Rambo, Jan"]
[Black "Vark, Liina"]
[Result "1-0"]
[WhiteElo "1790"]
[BlackElo "2040"]
[PlyCount "63"]
[EventDate "1996.08.12"]
[EventType "swiss"]
[EventRounds "9"]

1. c4 Nf6 2. Nc3 g6 3. Nf3 d5 4. cxd5 Nxd5 5. g3 Nxc3 6. bxc3 Bg7 7. Bg2 O-O 8.
O-O c5 9. d4 Nc6 10. e3 Qc7 11. Ba3 cxd4 12. cxd4 Re8 13. Rc1 Qd7 14. Qc2 Rb8
15. Rfd1 Qd8 16. d5 Ne5 17. Nd4 Qa5 18. Qc7 Qxc7 19. Rxc7 Bf8 20. h3 Nd7 21.
Rdc1 a6 22. Nb3 Nb6 23. Na5 Na8 24. R7c2 Bd7 25. Rb2 Bb5 26. d6 exd6 27. Nxb7
Re6 28. Rd2 Nb6 29. Bxd6 Bxd6 30. Rxd6 Rxd6 31. Nxd6 Nd7 32. Bd5 1-0

[Event "Manhem IM Swiss (Manhem 90 years)"]
[Site "?"]
[Date "1996.08.13"]
[Round "3"]
[White "Backlund, Anders"]
[Black "Hultin, Johan"]
[Result "0-1"]
[WhiteElo "2190"]
[BlackElo "2335"]
[PlyCount "62"]
[EventDate "1996.08.12"]
[EventType "swiss"]
[EventRounds "9"]

1. e4 c5 2. Nf3 d6 3. d4 cxd4 4. Nxd4 Nf6 5. Nc3 e6 6. g4 Nc6 7. g5 Nd7 8. h4
Be7 9. Be3 a6 10. Qd2 O-O 11. O-O-O Nxd4 12. Qxd4 b5 13. Rg1 Rb8 14. h5 b4 15.
Nd5 exd5 16. h6 Ne5 17. f4 Qc7 18. g6 hxg6 19. hxg7 Kxg7 20. Rh1 Bg4 21. Rd2
Rh8 22. Rxh8 Rxh8 23. fxe5 dxe5 24. Qxd5 Be6 25. Qd3 a5 26. Kb1 a4 27. Qb5 Rh1
28. Rd1 Bc4 29. Qxc4 Qxc4 30. Bxc4 Rxd1+ 31. Bc1 Bg5 0-1

[Event "Manhem IM Swiss (Manhem 90 years)"]
[Site "?"]
[Date "1996.08.13"]
[Round "3"]
[White "Svensson, Bengt"]
[Black "Furhoff, Johan"]
[Result "0-1"]
[WhiteElo "2405"]
[BlackElo "2330"]
[PlyCount "48"]
[EventDate "1996.08.12"]
[EventType "swiss"]
[EventRounds "9"]

1. e4 e5 2. Nf3 Nc6 3. Nc3 Nf6 4. Bb5 Nd4 5. Ba4 Bc5 6. Nxe5 O-O 7. Nd3 Bb6 8.
e5 Ne8 9. Nd5 d6 10. Ne3 dxe5 11. Nxe5 Qg5 12. Nf3 Nxf3+ 13. Qxf3 Bxe3 14. Bxe8
Bb6 15. Ba4 Bg4 16. Qe4 f5 17. Qd5+ Kh8 18. O-O c6 19. Qe5 Rae8 20. d4 Qh5 21.
Qd6 Be2 22. Be3 Bxf1 23. Rxf1 f4 24. Bxf4 Rf6 0-1

[Event "Manhem IM Swiss (Manhem 90 years)"]
[Site "?"]
[Date "1996.08.13"]
[Round "3"]
[White "Nei, Iivo"]
[Black "Rychagov, Mikhail"]
[Result "1/2-1/2"]
[WhiteElo "2380"]
[BlackElo "2495"]
[PlyCount "23"]
[EventDate "1996.08.12"]
[EventType "swiss"]
[EventRounds "9"]

1. e4 c5 2. Nc3 e6 3. Nf3 Nc6 4. d4 cxd4 5. Nxd4 Nf6 6. Ndb5 Bb4 7. a3 Bxc3+ 8.
Nxc3 d5 9. exd5 exd5 10. Bd3 O-O 11. O-O d4 12. Ne4 1/2-1/2

[Event "Manhem IM Swiss (Manhem 90 years)"]
[Site "?"]
[Date "1996.08.13"]
[Round "3"]
[White "Ronneland, Daniel"]
[Black "Lahlum, Hans Olav"]
[Result "1/2-1/2"]
[WhiteElo "2190"]
[BlackElo "2230"]
[PlyCount "20"]
[EventDate "1996.08.12"]
[EventType "swiss"]
[EventRounds "9"]

1. d4 d5 2. Nf3 c6 3. c4 e6 4. e3 Nf6 5. Nc3 Nbd7 6. Bd3 Bd6 7. e4 dxe4 8. Nxe4
Nxe4 9. Bxe4 Nf6 10. Bd3 c5 1/2-1/2

[Event "Manhem IM Swiss (Manhem 90 years)"]
[Site "?"]
[Date "1996.08.14"]
[Round "4"]
[White "Laveryd, Peter"]
[Black "Nei, Iivo"]
[Result "1-0"]
[WhiteElo "2310"]
[BlackElo "2380"]
[PlyCount "107"]
[EventDate "1996.08.12"]
[EventType "swiss"]
[EventRounds "9"]

1. e4 e6 2. d4 d5 3. e5 b6 4. c3 Qd7 5. g3 Ba6 6. Ne2 c5 7. Be3 h5 8. Bh3 Nh6
9. Nd2 Nf5 10. O-O Nc6 11. Bxf5 exf5 12. dxc5 bxc5 13. Re1 Nxe5 14. Nf4 O-O-O
15. Nb3 d4 16. cxd4 Bb7 17. d5 Bxd5 18. Nxd5 Qxd5 19. Qxd5 Rxd5 20. Red1 Rxd1+
21. Rxd1 c4 22. Na5 a6 23. Rd5 f6 24. f4 Ng4 25. Bd4 Bb4 26. Nc6 Bd2 27. Ne7+
Kc7 28. Nxf5 g6 29. Nh4 Re8 30. h3 Be3+ 31. Kg2 g5 32. hxg4 gxh4 33. Bxf6 hxg3
34. Be5+ Kc6 35. Rd6+ Kc5 36. gxh5 Bc1 37. h6 Bxb2 38. Bxb2 Re2+ 39. Kxg3 Rxb2
40. Rd8 Rb7 41. Rc8+ Kd4 42. Kg4 Kd3 43. Kg5 c3 44. Kg6 Rb6+ 45. Kg7 Rb7+ 46.
Kg6 Rb6+ 47. Kg5 Rb7 48. f5 c2 49. Kg6 Rb1 50. h7 Rh1 51. f6 Rg1+ 52. Kf5 Rf1+
53. Ke6 Re1+ 54. Kd6 1-0

[Event "Manhem IM Swiss (Manhem 90 years)"]
[Site "?"]
[Date "1996.08.14"]
[Round "4"]
[White "Gullaksen, Eirik"]
[Black "Hellsten, Johan"]
[Result "0-1"]
[WhiteElo "2325"]
[BlackElo "2490"]
[PlyCount "106"]
[EventDate "1996.08.12"]
[EventType "swiss"]
[EventRounds "9"]

1. e4 c5 2. Nf3 e6 3. d4 cxd4 4. Nxd4 a6 5. Bd3 Nf6 6. Qe2 d6 7. f4 g6 8. Be3
Bg7 9. O-O e5 10. Nb3 O-O 11. Nc3 exf4 12. Bxf4 Nh5 13. Be3 Nc6 14. Rad1 Ne5
15. Qd2 Ng4 16. Bd4 Be5 17. Bxe5 dxe5 18. Bc4 Qb6+ 19. Kh1 Ne3 20. Nd5 Nxd5 21.
Bxd5 Nf4 22. c4 Qc7 23. Qb4 Ra7 24. g3 Ne6 25. Rf6 a5 26. Qc3 b6 27. Rdf1 Qb8
28. c5 a4 29. cxb6 Qxb6 30. Nd2 Qd4 31. Nf3 Qxc3 32. bxc3 Nc7 33. Nxe5 Nxd5 34.
exd5 Bh3 35. Rc1 Re7 36. Nd3 Bf5 37. Rxf5 gxf5 38. c4 Re2 39. c5 Rxa2 40. c6
Rd2 41. Rc3 a3 42. Nb4 a2 43. Nxa2 Rxd5 44. c7 Rc8 45. Nb4 Rd4 46. Na6 Kf8 47.
Kg2 Ke7 48. Kf3 Kd6 49. Rb3 Kd7 50. Rb5 Rd6 51. Ra5 Rb6 52. Kf4 Kc6 53. Ra2 Kb5
0-1

[Event "Manhem IM Swiss (Manhem 90 years)"]
[Site "?"]
[Date "1996.08.14"]
[Round "4"]
[White "Pisulinski, Jan"]
[Black "Ingbrandt, Johan"]
[Result "0-1"]
[WhiteElo "2400"]
[BlackElo "2355"]
[PlyCount "88"]
[EventDate "1996.08.12"]
[EventType "swiss"]
[EventRounds "9"]

1. d4 d5 2. c4 c6 3. Nc3 Nf6 4. Nf3 e6 5. e3 Nbd7 6. Qc2 b6 7. Be2 Bb7 8. O-O
Be7 9. Rd1 Qc7 10. b3 O-O 11. Bb2 Rac8 12. Rac1 Rfd8 13. Qb1 Qb8 14. Bd3 h6 15.
h3 Qa8 16. Ne5 Nxe5 17. dxe5 Nd7 18. Ne2 dxc4 19. Rxc4 Ba6 20. Rd4 Bxd3 21.
R4xd3 Nf8 22. Nc3 Rxd3 23. Rxd3 Rd8 24. Ne4 c5 25. Nd6 Qc6 26. Qd1 Bxd6 27.
exd6 f6 28. f4 Qe4 29. Qd2 Rd7 30. Qc3 Ng6 31. Qc4 Qxc4 32. bxc4 Kf7 33. Kf2 e5
34. Kf3 exf4 35. exf4 Ne7 36. Ke4 Nc8 37. Be5 fxe5 38. fxe5 Ke6 39. Rg3 g5 40.
h4 Nxd6+ 41. exd6 Rxd6 42. hxg5 Rd4+ 43. Ke3 hxg5 44. Rxg5 Rxc4 0-1

[Event "Manhem IM Swiss (Manhem 90 years)"]
[Site "?"]
[Date "1996.08.14"]
[Round "4"]
[White "Lahlum, Hans Olav"]
[Black "Ivanov, Michail"]
[Result "0-1"]
[WhiteElo "2230"]
[BlackElo "2465"]
[PlyCount "86"]
[EventDate "1996.08.12"]
[EventType "swiss"]
[EventRounds "9"]

1. d4 Nf6 2. c4 g6 3. Nc3 Bg7 4. e4 d6 5. f3 O-O 6. Be3 e5 7. d5 Nh5 8. Qd2 f5
9. O-O-O Nd7 10. exf5 gxf5 11. Bd3 a6 12. Nge2 Nc5 13. Bc2 b5 14. Rdg1 bxc4 15.
g4 fxg4 16. fxg4 Nf4 17. Nxf4 exf4 18. Bxf4 Qf6 19. Be3 Bd7 20. g5 Qf3 21. g6
h5 22. Bd1 Nd3+ 23. Qxd3 cxd3 24. Bxf3 Rxf3 25. Rg3 Rxe3 26. Rxe3 Bh6 27. Kd2
Re8 28. Nd1 Bf5 29. Rhe1 Re5 30. Kc3 Bxe3 31. Nxe3 Bxg6 32. Kd2 Kg7 33. Rc1 Re7
34. Rc6 Rf7 35. Ke1 a5 36. Rc4 Kh6 37. Nd1 Re7+ 38. Kd2 Re2+ 39. Kc3 Rxh2 40.
Ne3 Re2 41. Nf1 Rc2+ 42. Kb3 Kg5 43. a4 h4 0-1

[Event "Manhem IM Swiss (Manhem 90 years)"]
[Site "?"]
[Date "1996.08.14"]
[Round "4"]
[White "Arnelind, Mikael"]
[Black "Moberg, Karl Johan"]
[Result "1/2-1/2"]
[WhiteElo "2140"]
[BlackElo "2390"]
[PlyCount "85"]
[EventDate "1996.08.12"]
[EventType "swiss"]
[EventRounds "9"]

1. d4 Nf6 2. c4 g6 3. Nc3 d5 4. Bf4 Bg7 5. e3 O-O 6. cxd5 Nxd5 7. Nxd5 Qxd5 8.
Bxc7 Na6 9. Bxa6 bxa6 10. Nf3 Bf5 11. Qb3 Qc6 12. Bg3 Be4 13. O-O Rac8 14. Qb4
Bxf3 15. gxf3 Qxf3 16. Qxe7 h5 17. Qg5 Kh7 18. Bf4 Rc2 19. Qg2 Qe2 20. Rfe1 Qd2
21. Qf3 f5 22. Red1 Qb4 23. a3 Qc4 24. b4 Rd8 25. h4 Rd5 26. Kh2 Bf6 27. Bg3 f4
28. Bxf4 Bxh4 29. Rf1 Rf5 30. Kg2 Bg5 31. Qe4 Bxf4 32. exf4 Qd5 33. Rfe1 Kh6
34. Qxd5 Rxd5 35. Rad1 Ra2 36. Re3 Kg7 37. Rc3 a5 38. bxa5 Rf5 39. Kg3 h4+ 40.
Kxh4 Rxf2 41. Rc7+ Kh6 42. Kg3 R2xf4 43. Rd3 1/2-1/2

[Event "Manhem IM Swiss (Manhem 90 years)"]
[Site "?"]
[Date "1996.08.14"]
[Round "4"]
[White "Wikstrom, Per"]
[Black "Svensson, Bengt"]
[Result "0-1"]
[WhiteElo "2145"]
[BlackElo "2405"]
[PlyCount "84"]
[EventDate "1996.08.12"]
[EventType "swiss"]
[EventRounds "9"]

1. d4 d5 2. c4 dxc4 3. Nf3 Nf6 4. Nc3 a6 5. a4 e6 6. e3 c5 7. Bxc4 Nc6 8. O-O
Be7 9. h3 O-O 10. Ne2 b6 11. Bd2 cxd4 12. Nexd4 Nxd4 13. Nxd4 Bb7 14. Qe2 Ne4
15. Rfd1 Nxd2 16. Rxd2 Bb4 17. Rdd1 Qg5 18. f4 Qe7 19. Rac1 Rfd8 20. Ba2 g6 21.
Nf3 Rxd1+ 22. Rxd1 Rd8 23. Rxd8+ Qxd8 24. e4 Qc7 25. g3 Qc6 26. Ne5 Qxa4 27.
Bb1 Bc5+ 28. Kh2 Qd4 29. Nf3 Qe3 30. Qxe3 Bxe3 31. Ne5 b5 32. b3 Kf8 33. f5
exf5 34. exf5 Ke7 35. Ng4 Bd4 36. fxg6 hxg6 37. h4 f5 38. Nh6 Bg7 39. Nxf5+
gxf5 40. Bxf5 a5 41. Bc2 Bc8 42. Kg2 Bg4 0-1

[Event "Manhem IM Swiss (Manhem 90 years)"]
[Site "?"]
[Date "1996.08.14"]
[Round "4"]
[White "Tonning, Erik"]
[Black "Rambo, Jan"]
[Result "1-0"]
[WhiteElo "2205"]
[BlackElo "1790"]
[PlyCount "69"]
[EventDate "1996.08.12"]
[EventType "swiss"]
[EventRounds "9"]

1. e4 e5 2. Nc3 Nf6 3. Bc4 Bc5 4. d3 h6 5. f4 Nc6 6. f5 Na5 7. Qf3 Nxc4 8. dxc4
c6 9. Qg3 Qe7 10. Nf3 d5 11. cxd5 cxd5 12. Nxd5 Nxd5 13. exd5 Bxf5 14. Bd2 f6
15. O-O-O g5 16. Rhf1 Bd7 17. Bc3 O-O-O 18. Rfe1 Rhe8 19. Nd2 Bf5 20. Ne4 Bxe4
21. Rxe4 Kb8 22. Qd3 h5 23. Qf3 Qh7 24. Rc4 Qe7 25. h4 g4 26. Qf5 Be3+ 27. Kb1
Qf7 28. Qd3 Bf2 29. d6 Rd7 30. Ba5 b6 31. Bb4 f5 32. Rc7 Rxc7 33. dxc7+ Kxc7
34. Qb5 Qe6 35. Rd6 1-0

[Event "Manhem IM Swiss (Manhem 90 years)"]
[Site "?"]
[Date "1996.08.14"]
[Round "4"]
[White "Wallace, John Paul"]
[Black "Berg, Emanuel"]
[Result "1-0"]
[WhiteElo "2365"]
[BlackElo "2215"]
[PlyCount "65"]
[EventDate "1996.08.12"]
[EventType "swiss"]
[EventRounds "9"]

1. d4 e6 2. c4 Nf6 3. Nc3 Bb4 4. f3 c5 5. d5 d6 6. e4 Bxc3+ 7. bxc3 e5 8. Bd3
Nh5 9. g3 Qf6 10. Rb1 g6 11. Be3 h6 12. Rb2 Qg7 13. Qb1 b6 14. Ne2 O-O 15. Qc1
Kh7 16. g4 Nf6 17. Ng3 Ng8 18. h4 Nd7 19. Rg2 Bb7 20. Rhg1 Rae8 21. Qd1 a6 22.
Kd2 Ra8 23. g5 h5 24. Nf5 gxf5 25. exf5 f6 26. gxf6 Qxg2+ 27. Rxg2 Ndxf6 28.
Qg1 Rf7 29. Rg6 b5 30. Bh6 Ng4 31. fxg4 Nxh6 32. Rxh6+ Kxh6 33. f6 1-0